Super Smash Bros. Fighters #41 - The Lucario Quiz - Statistics

General Stats
  • This quiz has been taken 191 times
    111 since last reset
  • The average score is 9 of 14
Answer Stats
Hint Answer % Correct
What is Lucario's Pokémon type? Fighting
100%
What is Lucario's pre-evolution? Riolu
92%
What is Lucario's Pokémon type? Steel
90%
What Pokémon region is Lucario from? Sinnoh
85%
What category of Pokémon is Lucario? The {Aura} Pokémon
82%
Who is the champion of this region (and also uses a Lucario)? Cynthia
81%
What placement did Lucario receive in the 2020 Pokémon of the Year Poll? 2nd
73%
Lucario is based on what Egyptian god of funerals and the dead? Anubis
72%
Who gives you a Lucario in Pokémon X/Y? Korrina
60%
Who is the fighting-type gym leader of this region (who also also uses a Lucario)? Maylene
43%
Sean Schemmel voices both Lucario and this popular anime character: Goku
39%
Lucario was in the title of what 2006 Pokémon movie? {Lucario} {and} {the} {Mystery} {of} {Mew}
36%
This aura-guardian-in-training’s main Pokémon is Lucario: Riley
35%
What spinoff Pokémon game did Lucario debut in? Pokémon Mystery Dungeon: Blue Rescue Team
26%
No matching quizzes found
Score Distribution
Percent of People with Each Score
Percentile by Number Answered
Your Score History
You have not taken this quiz since the last reset